<?xml version="1.0" encoding="UTF-8"?>
<record
    xmlns:xsi="http://www.w3.org/2001/XMLSchema-instance"
    xsi:schemaLocation="http://www.loc.gov/MARC21/slim http://www.loc.gov/standards/marcxml/schema/MARC21slim.xsd"
    xmlns="http://www.loc.gov/MARC21/slim">

  <leader>00474nam a22001457a 4500</leader>
  <controlfield tag="008">230707b        |||||||| |||| 00| 0 eng d</controlfield>
  <datafield tag="040" ind1=" " ind2=" ">
    <subfield code="a">National Science Library</subfield>
    <subfield code="c">National Science Library</subfield>
  </datafield>
  <datafield tag="080" ind1=" " ind2=" ">
    <subfield code="a">628.1</subfield>
    <subfield code="b">P3</subfield>
  </datafield>
  <datafield tag="245" ind1=" " ind2=" ">
    <subfield code="a">&#x91C;&#x932; &#x938;&#x902;&#x935;&#x930;&#x94D;&#x927;&#x928;:</subfield>
    <subfield code="b"> &#x92E;&#x939;&#x93F;&#x924;&#x93F; &#x92A;&#x941;&#x938;&#x94D;&#x924;&#x93F;&#x915;&#x93E;</subfield>
  </datafield>
  <datafield tag="246" ind1=" " ind2=" ">
    <subfield code="a">Jal snverdhan: </subfield>
    <subfield code="b">Mahiti pustika </subfield>
  </datafield>
  <datafield tag="260" ind1=" " ind2=" ">
    <subfield code="a">New Delhi: </subfield>
    <subfield code="b">Vigyan Va Paryavaran Kender, </subfield>
    <subfield code="c">2003</subfield>
  </datafield>
  <datafield tag="300" ind1=" " ind2=" ">
    <subfield code="a">32p. </subfield>
  </datafield>
  <datafield tag="650" ind1=" " ind2=" ">
    <subfield code="a">Hindi </subfield>
  </datafield>
  <datafield tag="942" ind1=" " ind2=" ">
    <subfield code="2">udc</subfield>
    <subfield code="c">HBK</subfield>
  </datafield>
  <datafield tag="999" ind1=" " ind2=" ">
    <subfield code="c">50711</subfield>
    <subfield code="d">50711</subfield>
  </datafield>
  <datafield tag="952" ind1=" " ind2=" ">
    <subfield code="0">0</subfield>
    <subfield code="1">0</subfield>
    <subfield code="2">udc</subfield>
    <subfield code="4">0</subfield>
    <subfield code="6">6281_P3</subfield>
    <subfield code="7">0</subfield>
    <subfield code="9">79774</subfield>
    <subfield code="a">NSL</subfield>
    <subfield code="b">NSL</subfield>
    <subfield code="c">GF/Rk-2/C-5/R-3</subfield>
    <subfield code="d">2008-07-23</subfield>
    <subfield code="l">0</subfield>
    <subfield code="o">628.1 P3</subfield>
    <subfield code="p">250277</subfield>
    <subfield code="r">2023-07-07 00:00:00</subfield>
    <subfield code="w">2008-07-23</subfield>
    <subfield code="y">HBK</subfield>
  </datafield>
</record>
